Jordan... or Jordan? - Statistics

General Stats
  • This quiz has been taken 14 times
  • The average score is 11 of 15
Answer Stats
Question Answer % Correct
Is permanently located in the Middle East and borders Syria, Iraq, Saudi Arabia, and Israel Jordan, country
100%
Has a Nike shoe brand named after them Jordan, human
100%
Islam is their official religion Jordan, country
88%
Was at war with Israel in the year 1967 Jordan, country
88%
Is known for being a professional basketball player Jordan, human
88%
Is a 6 time NBA champion and 5 time NBA MVP Jordan, human
88%
Is younger Jordan, human
88%
Has won at least one gold medal from the Summer Olympics Both
75%
Their flag (or jersey) is known to contain the color red Both
75%
Is famed for their significant religious and archaeological sights Jordan, country
75%
Used to be owned by the United Kingdom Jordan, country
75%
Is worth at least $3 billion Both
63%
Has been to space (real outer space) Neither
63%
Rugby is their favorite sport Neither
38%
Their average height is 6'2 Neither
25%
No matching quizzes found
Score Distribution
Percent of People with Each Score
Percentile by Number Answered
Your Score History
You have not taken this quiz